B-006 台東区の町名 - Statistics

General Stats
  • This quiz has been taken 46 times
  • The average score is 18 of 34
Answers on the Map
Answers color-coded by a green-red scale on the quiz's map according to % correct below.
 
Answer Stats
Answer % Correct
浅草
97%
上野
95%
入谷
86%
上野公園
84%
三ノ輪
81%
蔵前
73%
東上野
70%
谷中
68%
浅草橋
65%
秋葉原
65%
下谷
65%
千束
62%
元浅草
59%
池之端
57%
台東
51%
北上野
51%
上野桜木
51%
根岸
46%
西浅草
46%
鳥越
43%
雷門
43%
東浅草
43%
日本堤
43%
竜泉
41%
花川戸
41%
清川
41%
駒形
38%
松が谷
38%
柳橋
35%
三筋
35%
寿
32%
今戸
27%
橋場
27%
小島
22%
No matching quizzes found
Score Distribution
Percent of People with Each Score
Percentile by Number Answered
Your Score History
You have not taken this quiz